LEADER 01079nam a2200253 i 4500 001 000000033930 003 CaOOAMICUS 005 20240404153015.0 008 070628s1967 it u000 u ita u 040 $aSeMil$bita 100 1 $aSefér?s, Gi?rgos,$d<1900-1971>.$0(OLS)http://semarc/name/15430 245 10$aPoesie /$cGiorgio Seferis ; a cura di Filippo Maria Pontani. 260 $a[Milano] :$bArnoldo Mondadori Editore,$c1967. 300 $a178 p. ;$c19 cm. 650 4$aPoesia greca moderna.$0(OLS)http://semarc/subject/5459 700 1 $aPontani, Filippo Maria.$0(OLS)http://semarc/name/374 830 0$aOscar.$0(OLS)http://semarc/title/8669 830 4$aGli Oscar mensili ;$v27.a.$0(OLS)http://semarc/title/6829 850 $aSeMil 852 $aSeMil$W1$xVenegono$y1$m1W II 433$j247385$B85$CSeMilBibl$Z2$F85 $81 961 $aOmaggio: Biblioteca Seminario Duomo 996 $6245$aPoesie$9(OLS)http://semarc/title/2285 996 $6260$a[Milano] :$bArnoldo Mondadori Editore$9(OLS)http://semarc/publisher/29634 LEADER 01369nam a2200265 i 4500 001 000000050700 003 CaOOAMICUS 005 20101125000000.0 008 101125s1996 it u000 u ita u 013 $a21871 040 $aSeMil$bita 100 1 $aDaniele : da Samarate .$0(OLS)http://semarc/name/25101 245 10$aA Deus louvado :$bdiario (1908-1922) /$cGiornale di Servizio di Padre Daniele da Samarate, Frei Daniel Missionario Cappuccino, Servo di Dio, lebbroso di Cristo ; prefazione di Luigi Santucci. 246 04$iTitolo in copertina:$aFrei Daniel e il suo diario 260 $aGorle :$bVelar,$cstampa 1996. 300 $a331 p. :$bill. ;$c25 cm. 500 $aContiene : Biografia essenziale. - In mezzo al front : Nel 1° Centenario della sua professione solenne (2 luglio 1896). Segretariato Missioni Cappuccine. 650 4$aDiari e memorie.$0(OLS)http://semarc/subject/12810 700 1 $aSantucci, Luigi,$d<1918-1999>.$0(OLS)http://semarc/name/10748 850 $aSeMil 852 $aSeMil$W1$xVenegono$y1$m3J VI 219$j16855$B16855$CSeMilBibl$Z2$F16855 $81 961 $aOmaggio: Donazione 996 $6245$aA Deus louvado :$bdiario (1908-1922)$9(OLS)http://semarc/title/77422 996 $6246$aFrei Daniel e il suo diario$9(OLS)http://semarc/title/77423 996 $6260$aGorle :$bVelar$9(OLS)http://semarc/publisher/33489